00402nam a2200157Ia 4500008004100000020001800041041000800059082001500067100001500082245002800097250001300125260003500138300002900173365001600202700002600218230718s9999 xx 000 0 und d a81 7660 089 X aeng a658.4bJHA aJhamb L.C. aIndustrial Management I a10th ed. c2011bEverest Publishing House a1060dRef 1423 E (40964) cRs.b505.00 aJhamb L.C. & Jhamb S.